| 000 | 00785nam a2200229Ia 4500 | ||
|---|---|---|---|
| 003 | GCL | ||
| 008 | 140319s9999 xx 000 0 ara d | ||
| 040 |
_aGCL / _cGCL |
||
| 082 | 0 | 4 |
_aق _b301.210962 _bا ر |
| 100 | 1 | _aاحمد زكريا الشلق | |
| 245 | 1 | 0 |
_aرؤية فى تحديث الفكر المصرى : احمد فتحى زغلول وقضية التعريب / _cاحمد زكريا الشلق |
| 260 |
_a[S.N] : _bالهيئة المصرية العامة للكتاب ، _c1987 |
||
| 300 | _a138 ص | ||
| 490 |
_aمصر النهضة _v0 |
||
| 650 | 0 | 4 | _aالعصر الحديث |
| 650 | 0 | 4 | _aمصر |
| 650 | 0 | 4 | _aتاريخ |
| 650 | 0 | 4 | _aالترجمة العربية |
| 650 | 0 | 4 | _aالاحوال الثقافية |
| 650 | 0 | 4 | _aالتأليف |
| 942 |
_2ddc _cBK |
||
| 999 |
_c36298 _d36298 |
||